Netherlands in the Eurovision Song Contest - Statistics

General Stats
  • This quiz has been taken 16 times
    8 since last reset
  • The average score is 20 of 66
Answer Stats
Answer % Correct
Arcade
88%
C'est la vie
88%
Europapa
88%
Burning Daylight
75%
De diepte
75%
Birth of a New Age
63%
Ding-a-dong
63%
Slow Down
63%
Birds
50%
Calm After the Storm
50%
De troubadour
50%
Een beetje
50%
Lights and Shadows
50%
Net als toen
50%
Outlaw in 'Em
50%
Walk Along
50%
Amsterdam
38%
I See A Star
38%
Shangri-La
38%
The Party Is Over Now
38%
Vrede
38%
Waterman
38%
You And Me
38%
Alles heeft ritme
25%
Amambanda
25%
Colorado
25%
Een speeldoos
25%
Hemel en aarde
25%
Het is een wonder
25%
Katinka
25%
No Goodbyes
25%
One Good Reason
25%
One More Night
25%
On Top of the World
25%
Shine
25%
Tijd
25%
Wat een geluk
25%
Without You
25%
Als het om de liefde gaat
13%
Blijf zoals je bent
13%
De eerste keer
13%
De mallemolen
13%
De oude muzikant
13%
De vogels van Holland
13%
Fernando en Philippo
13%
Heel de wereld
13%
Het is genoeg
13%
Ik ben verliefd (Sha-la-lie)
13%
Ik hou van jou
13%
Ik wil alles met je delen
13%
Jij bent mijn leven
13%
Jij en ik
13%
Morgen
13%
My Impossible Dream
13%
Never Alone
13%
Niemand heeft nog tijd
13%
Out On My Own
13%
Rechtop in de wind
13%
Ringe-dinge
13%
Sing Me A Song
13%
't is OK
13%
Voorgoed voorbij
13%
Waar is de zon
13%
Wat een dag
13%
Wijs me de weg
13%
Your Heart Belongs to Me
13%
No matching quizzes found
Score Distribution
Percent of People with Each Score
Percentile by Number Answered
Your Score History
You have not taken this quiz since the last reset